LIBRARY & INFORMATION CENTRE, KCAET, TAVANUR

ONLINE PUBLIC ACCESS CATALOGUE (OPAC)

Processing and shelf-life studies of coconut water / (Record no. 18101)

MARC details
000 -LEADER
fixed length control field 00470nam a22001697a 4500
003 - CONTROL NUMBER IDENTIFIER
control field OSt
082 ## - DEWEY DECIMAL CLASSIFICATION NUMBER
Classification number 664
Item number SIL/PR
088 ## - REPORT NUMBER
Report number P 625
100 ## - MAIN ENTRY--AUTHOR NAME
Personal name Silpa O
245 ## - TITLE STATEMENT
Title Processing and shelf-life studies of coconut water /
260 ## - PUBLICATION, DISTRIBUTION, ETC. (IMPRINT)
Place of publication Tavaur :
Name of publisher Department of Processing and Food Engineering,
Year of publication 2024.
700 ## - ADDED ENTRY--PERSONAL NAME
Personal name Nandana Vishnu
700 ## - ADDED ENTRY--PERSONAL NAME
Personal name Muhammad Siraj
700 ## - ADDED ENTRY--PERSONAL NAME
Personal name Muhammed Arshad K C
700 ## - ADDED ENTRY--PERSONAL NAME
Personal name Rajesh G K (Guide)
942 ## - ADDED ENTRY ELEMENTS (KOHA)
Koha item type Project Report
Holdings
Collection code Home library Current library Full call number Accession Number Koha item type
Reference KAUAET KAUAET 664 SIL/PR P 625 Project Report
free website counter